[Event "Klatovy op-B 29th"]
[Site "Klatovy"]
[Date "2023.07.09"]
[Round "9"]
[White "Mejzr, Jan"]
[Black "Zak, Pavel"]
[Result "1/2-1/2"]
[WhiteElo "1842"]
[BlackElo "2000"]
[PlyCount "68"]
[EventDate "2023.07.01"]
[EventType "swiss"]
[EventRounds "9"]
[EventCountry "CZE"]
[SourceTitle "CBM 215 Extra"]
[Source "ChessBase"]
[SourceDate "2023.09.30"]
[SourceVersion "1"]
[SourceVersionDate "2023.09.30"]
[SourceQuality "1"]

1. e4 d5 2. exd5 Nf6 3. d4 Nxd5 4. Nf3 c6 5. Be2 Bg4 6. 0-0 e6 7. h3 Bh5 8. Ne5 Bxe2 9. Qxe2 Be7 10. c4 Nf6 11. Rd1 0-0 12. Nc3 Nbd7 13. f4 Qc7 14. g4 a6 15. g5 Ne8 16. Be3 Nd6 17. d5 Nf5 18. d6 Bxd6 19. Nxd7 Nxe3 20. Qxe3 Bxf4 21. Qf3 Rfd8 22. Ne4 Bxg5 23. Nxg5 Rxd7 24. Rxd7 Qxd7 25. Rd1 Qe7 26. Qh5 h6 27. Ne4 Rd8 28. Rxd8+ Qxd8 29. Qe2 Qd4+ 30. Kg2 e5 31. b3 f5 32. Nf2 Qd6 33. Qd3 Qf6 34. c5 e4 1/2-1/2

[Event "Klatovy op-B 29th"]
[Site "Klatovy"]
[Date "2023.07.04"]
[Round "4"]
[White "Zak, Pavel"]
[Black "Maly, Jiri2222"]
[Result "1-0"]
[WhiteElo "2000"]
[BlackElo "1492"]
[PlyCount "43"]
[EventDate "2023.07.01"]
[EventType "swiss"]
[EventRounds "9"]
[EventCountry "CZE"]
[SourceTitle "CBM 215 Extra"]
[Source "ChessBase"]
[SourceDate "2023.09.30"]
[SourceVersion "1"]
[SourceVersionDate "2023.09.30"]
[SourceQuality "1"]

1. Nf3 d5 2. c4 c6 3. d4 Nf6 4. Bf4 dxc4 5. e3 b5 6. a4 Nd5 7. axb5 Nxf4 8. exf4 cxb5 9. b3 e6 10. bxc4 Bb4+ 11. Nbd2 bxc4 12. Qa4+ Nc6 13. Qxc6+ Bd7 14. Qxc4 Rb8 15. Bd3 Ba5 16. 0-0 Rb2 17. Qc1 Rb8 18. Nc4 Bb6 19. Qa3 Qe7 20. Nxb6 Qxa3 21. Rxa3 axb6 22. Ne5 1-0

[Event "Klatovy op-B 29th"]
[Site "Klatovy"]
[Date "2023.07.02"]
[Round "2"]
[White "Zak, Pavel"]
[Black "Barth, Vit1111"]
[Result "1-0"]
[WhiteElo "2000"]
[BlackElo "1275"]
[PlyCount "51"]
[EventDate "2023.07.01"]
[EventType "swiss"]
[EventRounds "9"]
[EventCountry "CZE"]
[SourceTitle "CBM 215 Extra"]
[Source "ChessBase"]
[SourceDate "2023.09.30"]
[SourceVersion "1"]
[SourceVersionDate "2023.09.30"]
[SourceQuality "1"]

1. Nf3 d6 2. d4 Bf5 3. c4 Nd7 4. Nc3 c6 5. e4 Bg6 6. Be3 e5 7. Bd3 Ngf6 8. d5 cxd5 9. cxd5 Be7 10. 0-0 0-0 11. b4 Rc8 12. Qb3 a6 13. h3 b5 14. a4 bxa4 15. Rxa4 Rxc3 16. Qxc3 Bxe4 17. Bxe4 Nxe4 18. Qc6 f5 19. Rxa6 Nb8 20. Qa4 Nxa6 21. Qxa6 Nc3 22. b5 Nxd5 23. Ba7 Qc8 24. Qa2 Qb7 25. Rd1 Ra8 26. b6 1-0

[Event "CZE-chT2F 1718"]
[Site "Czech Republic"]
[Date "2018.01.14"]
[Round "6.5"]
[White "Kolar, Stanislav"]
[Black "Zak, Pavel"]
[Result "0-1"]
[WhiteElo "2111"]
[BlackElo "2045"]
[PlyCount "88"]
[EventDate "2017.10.15"]
[EventType "team-tourn"]
[EventRounds "11"]
[EventCountry "CZE"]
[SourceTitle "EXT 2022"]
[Source "ChessBase"]
[SourceDate "2021.10.06"]
[SourceVersion "1"]
[SourceVersionDate "2021.10.06"]
[SourceQuality "1"]
[WhiteTeam "Havirov Banik"]
[BlackTeam "Benesov Dolni"]
[WhiteTeamCountry "CZE"]
[BlackTeamCountry "CZE"]

1. Nf3 d5 2. g3 c5 3. Bg2 Nc6 4. 0-0 e5 5. d3 Bd6 6. Nc3 Nge7 7. e4 d4 8. Nd5 0-0 9. c4 f5 10. a3 fxe4 11. dxe4 Bg4 12. h3 Bd7 13. Bd2 Qe8 14. Rb1 Nxd5 15. exd5 Ne7 16. Ng5 Bf5 17. Be4 Qg6 18. Bxf5 Nxf5 19. h4 e4 20. h5 Qe8 21. Bf4 Bxf4 22. gxf4 h6 23. Ne6 Rf6 24. Qg4 Qe7 25. Rfe1 e3 26. b4 Kh8 27. bxc5 Rg8 28. Rbd1 g6 29. Nxd4 gxh5 30. Qxg8+ Kxg8 31. Ne6 Rxe6 32. dxe6 Qxe6 33. Rd5 Qe4 34. fxe3 Nxe3 35. Rd2 Qxf4 36. Rde2 Ng4 37. Re8+ Kg7 38. R1e7+ Kg6 39. Rg8+ Kf5 40. Rf8+ Nf6 41. Ref7 Kg5 42. Rg7+ Kh4 43. Rgf7 Qe3+ 44. Kf1 Ng4 0-1

[Event "Klatovy op-A 23rd"]
[Site "Klatovy"]
[Date "2017.07.07"]
[Round "7"]
[White "Zak, Pavel"]
[Black "Pick, Stepan"]
[Result "1/2-1/2"]
[WhiteElo "2038"]
[BlackElo "2105"]
[PlyCount "49"]
[EventDate "2017.07.01"]
[EventType "swiss"]
[EventRounds "9"]
[EventCountry "CZE"]
[SourceTitle "EXT 2018"]
[Source "ChessBase"]
[SourceDate "2017.10.13"]
[SourceVersion "1"]
[SourceVersionDate "2017.10.13"]
[SourceQuality "1"]

1. Nf3 f5 2. e4 fxe4 3. Ng5 Nc6 4. d3 e3 5. Bxe3 e5 6. d4 exd4 7. Bf4 Qf6 8. g3 d5 9. Bd3 Bf5 10. 0-0 0-0-0 11. Re1 Bb4 12. Nd2 Nh6 13. Bxf5+ Qxf5 14. Ne6 Rd7 15. a3 Bd6 16. Nf3 Bxf4 17. Nxf4 g5 18. Nxd4 Nxd4 19. Qxd4 Nf7 20. Qxa7 Rd6 21. Re7 Ra6 22. Qd4 gxf4 23. Rxf7 Qxf7 24. Qxh8+ Kd7 25. Rd1 1/2-1/2

[Event "Klatovy op-A 23rd"]
[Site "Klatovy"]
[Date "2017.07.06"]
[Round "6"]
[White "Kozak, Milos"]
[Black "Zak, Pavel"]
[Result "1/2-1/2"]
[WhiteElo "2138"]
[BlackElo "2038"]
[PlyCount "66"]
[EventDate "2017.07.01"]
[EventType "swiss"]
[EventRounds "9"]
[EventCountry "CZE"]
[SourceTitle "EXT 2018"]
[Source "ChessBase"]
[SourceDate "2017.10.13"]
[SourceVersion "1"]
[SourceVersionDate "2017.10.13"]
[SourceQuality "1"]

1. d4 d5 2. c4 c6 3. Nf3 Nf6 4. e3 Bf5 5. Nc3 e6 6. Nh4 Bg4 7. Qb3 Qb6 8. h3 Bh5 9. g4 Bg6 10. g5 Qxb3 11. axb3 Nh5 12. Nxg6 hxg6 13. c5 Nd7 14. b4 Be7 15. Rg1 0-0 16. f4 a6 17. Bd3 Kh8 18. Bd2 Rg8 19. Kf2 Rad8 20. Ne2 Nf8 21. Rg2 f5 22. h4 Nd7 23. Rh1 Rgf8 24. Ng3 Nxg3 25. Kxg3 Kg8 26. Rgh2 Kf7 27. Be2 Rh8 28. h5 Kg8 29. hxg6 Rxh2 30. Kxh2 Nf8 31. Bh5 Rd7 32. Ra1 Rc7 33. Kg3 Bd8 1/2-1/2

[Event "CZE-chT2F 1617"]
[Site "Czech Republic"]
[Date "2016.10.09"]
[Round "1.7"]
[White "Kubos, Rostislav"]
[Black "Zak, Pavel"]
[Result "1/2-1/2"]
[WhiteElo "2184"]
[BlackElo "2029"]
[PlyCount "76"]
[EventDate "2016.10.09"]
[EventType "team-tourn"]
[EventRounds "11"]
[EventCountry "CZE"]
[SourceTitle "EXT 2022"]
[Source "ChessBase"]
[SourceDate "2021.10.06"]
[SourceVersion "1"]
[SourceVersionDate "2021.10.06"]
[SourceQuality "1"]
[WhiteTeam "Orlova Slavia"]
[BlackTeam "Benesov Dolni"]
[WhiteTeamCountry "CZE"]
[BlackTeamCountry "CZE"]

1. c4 e5 2. Nc3 Nf6 3. Nf3 Nc6 4. e3 Bb4 5. Qc2 0-0 6. Bd3 g6 7. Nd5 Re8 8. 0-0 Bf8 9. a3 Bg7 10. Nxf6+ Qxf6 11. Be4 Qe7 12. b4 Nd8 13. Bb2 c6 14. Qb3 d6 15. Ne1 Be6 16. Bd3 d5 17. Rc1 f5 18. cxd5 Bxd5 19. Bc4 Qf7 20. Bxd5 cxd5 21. Rc5 d4 22. Qxf7+ Kxf7 23. Nf3 Ne6 24. Rb5 b6 25. Nxe5+ Kg8 26. Rc1 dxe3 27. fxe3 Rac8 28. Rxc8 Rxc8 29. Rd5 Rc2 30. Bc3 Bf6 31. Rd6 Ng5 32. Rxf6 Rc1+ 33. Kf2 Ne4+ 34. Ke2 Nxf6 35. Nd3 Rxc3 36. dxc3 Ne4 37. c4 Nc3+ 38. Ke1 Kf7 1/2-1/2

[Event "CZE-chT2F 1516"]
[Site "Czech Republic"]
[Date "2016.04.04"]
[Round "10.26"]
[White "Sieber, Martin"]
[Black "Zak, Pavel"]
[Result "1-0"]
[WhiteElo "2096"]
[BlackElo "2030"]
[PlyCount "89"]
[EventDate "2015.10.18"]
[EventType "team-tourn"]
[EventRounds "11"]
[EventCountry "CZE"]
[SourceTitle "EXT 2022"]
[Source "ChessBase"]
[SourceDate "2021.10.06"]
[SourceVersion "1"]
[SourceVersionDate "2021.10.06"]
[SourceQuality "1"]
[WhiteTeam "Havirov Slovan"]
[BlackTeam "Benesov Dolni"]
[WhiteTeamCountry "CZE"]
[BlackTeamCountry "CZE"]

1. d4 d5 2. Nf3 Nf6 3. c4 c6 4. Nc3 e6 5. Bg5 Nbd7 6. a3 Be7 7. e3 Ne4 8. Nxe4 dxe4 9. Bxe7 Qxe7 10. Nd2 f5 11. b4 Nf6 12. c5 Nd5 13. Nc4 0-0 14. g3 g5 15. h4 g4 16. Qb3 b5 17. Ne5 Bb7 18. a4 a6 19. Be2 Kg7 20. Kd2 h5 21. Ra2 Rfb8 22. Rha1 Qd8 23. axb5 axb5 24. Ra7 Nc7 25. Nxc6 Bxc6 26. Qxe6 Rxa7 27. Rxa7 Rb7 28. Rxb7 Bxb7 29. Qb6 Ba6 30. Bd1 Bc8 31. Bb3 Qd7 32. Qb8 Na6 33. Qe5+ Kg6 34. Kc3 Nc7 35. d5 Qg7 36. Kd4 Qf6 37. c6 Ne8 38. Qxf6+ Kxf6 39. Kc5 Ke5 40. Kxb5 Kd6 41. Kb6 Nc7 42. b5 Ne8 43. Ka7 Kc5 44. b6 Nd6 45. b7 1-0

[Event "CZE-chT2F 1516"]
[Site "Czech Republic"]
[Date "2016.01.10"]
[Round "5.7"]
[White "Krmela, Ales"]
[Black "Zak, Pavel"]
[Result "1-0"]
[WhiteElo "2023"]
[BlackElo "2030"]
[PlyCount "79"]
[EventDate "2015.10.18"]
[EventType "team-tourn"]
[EventRounds "11"]
[EventCountry "CZE"]
[SourceTitle "EXT 2022"]
[Source "ChessBase"]
[SourceDate "2021.10.06"]
[SourceVersion "1"]
[SourceVersionDate "2021.10.06"]
[SourceQuality "1"]
[WhiteTeam "Hostalkova"]
[BlackTeam "Benesov Dolni"]
[WhiteTeamCountry "CZE"]
[BlackTeamCountry "CZE"]

1. c4 e5 2. Nc3 Nf6 3. g3 d5 4. cxd5 Nxd5 5. Bg2 c6 6. Nf3 Nd7 7. 0-0 Be7 8. e4 N5f6 9. d4 exd4 10. Nxd4 Nb6 11. Re1 0-0 12. Bf4 Bc5 13. Nb3 Qxd1 14. Raxd1 Bb4 15. Bd6 Bxd6 16. Rxd6 Nc4 17. Rd4 Nb6 18. Nc5 Nfd7 19. Nxd7 Nxd7 20. Red1 Nc5 21. b4 Ne6 22. Rd6 a5 23. b5 cxb5 24. Nxb5 Ra6 25. Rxa6 bxa6 26. Nd6 g6 27. Rd5 Rd8 28. e5 a4 29. Ra5 Nc7 30. Rc5 Be6 31. Rxc7 Bxa2 32. Ra7 f6 33. f4 fxe5 34. fxe5 Bb3 35. Rxa6 Rd7 36. Bc6 Re7 37. Ra5 Rc7 38. Bxa4 Rc1+ 39. Kf2 Ra1 40. Bxb3+ 1-0

[Event "CZE-chT2F 1516"]
[Site "Czech Republic"]
[Date "2015.11.22"]
[Round "3.26"]
[White "Zak, Pavel"]
[Black "Stuchly, Ondrej"]
[Result "0-1"]
[WhiteElo "2030"]
[BlackElo "2047"]
[PlyCount "76"]
[EventDate "2015.10.18"]
[EventType "team-tourn"]
[EventRounds "11"]
[EventCountry "CZE"]
[SourceTitle "EXT 2022"]
[Source "ChessBase"]
[SourceDate "2021.10.06"]
[SourceVersion "1"]
[SourceVersionDate "2021.10.06"]
[SourceQuality "1"]
[WhiteTeam "Benesov Dolni"]
[BlackTeam "Stare Mesto II"]
[WhiteTeamCountry "CZE"]
[BlackTeamCountry "CZE"]

1. Nf3 d5 2. c4 e6 3. d4 Nf6 4. Bg5 Be7 5. e3 0-0 6. Nbd2 Nbd7 7. Bd3 dxc4 8. Nxc4 c5 9. 0-0 cxd4 10. Nxd4 Nc5 11. Be2 Nd5 12. Bxe7 Qxe7 13. Bf3 Rd8 14. Qc2 e5 15. Nxe5 Nxe3 16. Ndc6 bxc6 17. Nxc6 Nxc2 18. Nxe7+ Kf8 19. Bxa8 Nxa1 20. Nc6 Re8 21. Rxa1 Bd7 22. Rc1 Nd3 23. Rd1 Nxb2 24. Rb1 Bf5 25. Rc1 Rxa8 26. Nd4 Rc8 27. Re1 Bg6 28. h3 Nd3 29. Re3 Rc1+ 30. Kh2 Re1 31. Rf3 Be4 32. Rg3 g6 33. Nc2 Rc1 34. Nd4 Nxf2 35. Re3 f5 36. Kg3 Nd3 37. Ne6+ Ke7 38. Nf4 Nxf4 0-1

[Event "CZE-chT2F 1112"]
[Site "Czech Republic"]
[Date "2011.12.04"]
[Round "4.63"]
[White "Neoral, Antonin"]
[Black "Zak, Pavel"]
[Result "0-1"]
[WhiteElo "2150"]
[BlackElo "2074"]
[PlyCount "101"]
[EventDate "2011.10.09"]
[EventType "team-tourn"]
[EventRounds "11"]
[EventCountry "CZE"]
[SourceTitle "EXT 2013"]
[Source "ChessBase"]
[SourceDate "2012.11.22"]
[SourceVersion "1"]
[SourceVersionDate "2012.11.22"]
[SourceQuality "1"]
[WhiteTeam "Olomouc"]
[BlackTeam "Dolni Benesov"]
[WhiteTeamCountry "CZE"]
[BlackTeamCountry "CZE"]

1. e4 d5 2. exd5 Nf6 3. d4 Nxd5 4. Nf3 c6 5. c4 Nf6 6. Be2 Bg4 7. Nc3 e6 8. 0-0 Be7 9. Be3 0-0 10. Ne5 Bxe2 11. Qxe2 Nbd7 12. Rad1 Re8 13. Rd3 Qa5 14. Bd2 Qc7 15. Re1 Rad8 16. Bf4 Qa5 17. Rh3 c5 18. Nxd7 Rxd7 19. d5 Bd6 20. Bxd6 Rxd6 21. Ne4 Nxe4 22. Qxe4 h6 23. Rhe3 Qxa2 24. Qe5 Red8 25. Rg3 g6 26. Rh3 h5 27. g4 Qxc4 28. gxh5 Rxd5 29. Qf6 Qd4 30. Qxd4 cxd4 31. hxg6 Rg5+ 32. Rg3 Rxg6 33. Rxg6+ fxg6 34. Rxe6 Kf7 35. Re2 Kf6 36. f3 d3 37. Re1 Rc8 38. Rd1 Rc2 39. b3 d2 40. Kf2 Rb2 41. b4 Ke5 42. Ke2 Rxb4 43. Rxd2 a5 44. Rd7 b6 45. Kf2 b5 46. Rb7 Kf6 47. Kg3 a4 48. h4 a3 49. h5 gxh5 50. Kh3 Rb3 51. Ra7 0-1

[Event "CZE-chT2F 0910"]
[Site "Czech Republic"]
[Date "2010.04.18"]
[Round "11.7"]
[White "Macejovsky, Igor"]
[Black "Zak, Pavel"]
[Result "0-1"]
[WhiteElo "2019"]
[BlackElo "2034"]
[PlyCount "50"]
[EventDate "2009.10.18"]
[EventType "team-tourn"]
[EventRounds "11"]
[EventCountry "CZE"]
[SourceTitle "EXT 2012"]
[Source "ChessBase"]
[SourceDate "2011.11.24"]
[SourceVersion "1"]
[SourceVersionDate "2011.11.24"]
[SourceQuality "1"]
[WhiteTeam "Poruba VOKD"]
[BlackTeam "Benesov"]
[WhiteTeamCountry "CZE"]
[BlackTeamCountry "CZE"]

1. d4 d5 2. Nf3 Nf6 3. c4 c6 4. Nc3 e6 5. e3 Bd6 6. Be2 Nbd7 7. 0-0 0-0 8. Qc2 e5 9. dxe5 Nxe5 10. cxd5 cxd5 11. Rd1 Bg4 12. Nd4 Rc8 13. h3 Be6 14. Qb3 Rxc3 15. bxc3 Ne4 16. f4 Qh4 17. Rf1 Bxh3 18. Bf3 Ng4 19. Bxg4 Bxg4 20. Nf3 Qh5 21. Nh2 Be2 22. Re1 Bc4 23. Qd1 Qh4 24. Nf3 Qf2+ 25. Kh2 f5 0-1

[Event "CZE-chT2F 0910"]
[Site "Czech Republic"]
[Date "2009.11.22"]
[Round "3.8"]
[White "Bem, Josef"]
[Black "Zak, Pavel"]
[Result "1/2-1/2"]
[WhiteElo "1919"]
[BlackElo "2034"]
[PlyCount "132"]
[EventDate "2009.10.18"]
[EventType "team-tourn"]
[EventRounds "11"]
[EventCountry "CZE"]
[SourceTitle "EXT 2012"]
[Source "ChessBase"]
[SourceDate "2011.11.24"]
[SourceVersion "1"]
[SourceVersionDate "2011.11.24"]
[SourceQuality "1"]
[WhiteTeam "Sumperk"]
[BlackTeam "Benesov"]
[WhiteTeamCountry "CZE"]
[BlackTeamCountry "CZE"]

1. Nf3 d5 2. d4 Nf6 3. c4 c6 4. e3 e6 5. Nc3 Bd6 6. a3 0-0 7. Qc2 Nbd7 8. Bd3 e5 9. dxe5 Nxe5 10. Nxe5 Bxe5 11. h3 h6 12. Bd2 Be6 13. c5 Re8 14. Ne2 Ne4 15. Bxe4 dxe4 16. Bc3 Bd5 17. Bxe5 Rxe5 18. Rd1 g5 19. 0-0 Qe7 20. Nd4 f5 21. g3 Rf8 22. b4 h5 23. Rc1 Rf7 24. Qe2 Rh7 25. b5 h4 26. g4 fxg4 27. Qxg4 Be6 28. Nxe6 Qxe6 29. Qxe6+ Rxe6 30. bxc6 Rxc6 31. Rfd1 Rg7 32. Rd4 Re6 33. Rd6 Rge7 34. Rcd1 Kf7 35. R6d4 Kf6 36. Kg2 Kf5 37. Rd7 Re5 38. a4 a6 39. R1d6 Rxd7 40. Rxd7 Rxc5 41. Rxb7 Rc4 42. Rd7 Rxa4 43. Rd5+ Kf6 44. Rc5 Kg6 45. Re5 Kf6 46. Rd5 Ra1 47. Rc5 a5 48. Rb5 a4 49. Rb4 Ke5 50. Rb5+ Kd6 51. Rxg5 a3 52. Rh5 a2 53. Ra5 Kc6 54. Kh2 Kb6 55. Ra8 Kb5 56. Kg2 Kc4 57. Rc8+ Kb3 58. Rb8+ Kc2 59. Rc8+ Kd2 60. Rd8+ Ke2 61. Ra8 Kd3 62. Rd8+ Kc4 63. Rc8+ Kb5 64. Rb8+ Kc6 65. Ra8 Kb7 66. Ra3 Kb6 1/2-1/2

[Event "Moravia-Silesia Region-chT 0708"]
[Site "Czech Republic"]
[Date "2008.03.09"]
[Round "9.3"]
[White "Zak, Pavel"]
[Black "Vlachopulos, Georgis"]
[Result "1-0"]
[WhiteElo "2055"]
[BlackElo "2045"]
[PlyCount "131"]
[EventDate "2007.10.28"]
[EventType "team-tourn"]
[EventRounds "11"]
[EventCountry "CZE"]
[SourceTitle "EXT 2024"]
[Source "ChessBase"]
[SourceDate "2023.10.10"]
[SourceVersion "1"]
[SourceVersionDate "2023.10.10"]
[SourceQuality "1"]

1. Nf3 g6 2. d4 f5 3. c4 Bg7 4. Nc3 Nf6 5. e3 0-0 6. g3 c5 7. Bg2 Qc7 8. b3 Nc6 9. Bb2 cxd4 10. exd4 d5 11. 0-0 dxc4 12. bxc4 Na5 13. Ne5 Be6 14. c5 Rad8 15. Re1 Bd5 16. Nxd5 Nxd5 17. f4 Bf6 18. h4 Kg7 19. Rc1 Nc6 20. Qb3 Bxe5 21. dxe5 e6 22. Red1 Nce7 23. Bd4 Rc8 24. Rb1 Rb8 25. Rdc1 Rfd8 26. Bf2 Rd7 27. Rb2 Nc6 28. Rcb1 h6 29. Rd1 Na5 30. Qa4 Rbd8 31. Rbd2 Nc6 32. Bxd5 Rxd5 33. Rxd5 exd5 34. Qb5 Kf7 35. Bd4 Ke6 36. Kf2 Na5 37. Ke2 Nc4 38. a4 a6 39. Qb4 Qc6 40. Kd3 Kd7 41. Re1 Re8 42. Kc3 Kc8 43. Kb3 Re6 44. a5 Qc7 45. Ka4 Qd7+ 46. Kb3 Qd8 47. Ka4 g5 48. hxg5 hxg5 49. Rh1 gxf4 50. gxf4 Rg6 51. Rh7 b5+ 52. cxb6 Qe8+ 53. Kb3 Rg3+ 54. Kc2 Na3+ 55. Kd2 Nb5 56. Qc5+ Kb8 57. Qxd5 Qc8 58. Bc5 Rg6 59. Rd7 Rg2+ 60. Ke1 Rg1+ 61. Kf2 Rd1 62. Qxd1 Qxc5+ 63. Kg3 Qe3+ 64. Qf3 Qxf3+ 65. Kxf3 Kc8 66. e6 1-0

[Event "Moravia-Silesia Region-chT 0708"]
[Site "Czech Republic"]
[Date "2008.01.06"]
[Round "5.3"]
[White "Simek, Jiri"]
[Black "Zak, Pavel"]
[Result "1-0"]
[WhiteElo "2084"]
[BlackElo "2055"]
[PlyCount "81"]
[EventDate "2007.10.28"]
[EventType "team-tourn"]
[EventRounds "11"]
[EventCountry "CZE"]
[SourceTitle "EXT 2024"]
[Source "ChessBase"]
[SourceDate "2023.10.10"]
[SourceVersion "1"]
[SourceVersionDate "2023.10.10"]
[SourceQuality "1"]

1. e4 d5 2. exd5 Nf6 3. Bb5+ Bd7 4. Be2 Nxd5 5. d4 Bf5 6. Nf3 e6 7. a3 c6 8. 0-0 Bd6 9. c4 Nf4 10. Nc3 0-0 11. Re1 Nd7 12. Bf1 Bg4 13. Ne4 Bc7 14. h3 Bh5 15. g3 Bxf3 16. Qxf3 Ng6 17. Bg5 f6 18. Bd2 e5 19. d5 cxd5 20. cxd5 Bb6 21. Bb4 Ba5 22. Bxa5 Qxa5 23. Qf5 Nb6 24. d6 Qd5 25. Red1 Qf7 26. Rac1 Rac8 27. Nc5 Rfd8 28. Bg2 Nf8 29. Nxb7 Rxc1 30. Rxc1 Rd7 31. Qe4 Ne6 32. a4 Nd8 33. a5 Rxb7 34. axb6 Rxb6 35. Rc7 Qe6 36. d7 Rd6 37. Bf1 Kh8 38. Qa4 a6 39. Qb4 h6 40. Bc4 Qxh3 41. Qxd6 1-0

[Event "Chrudim op"]
[Site "Chrudim"]
[Date "2004.07.10"]
[Round "6"]
[White "Zak, Pavel"]
[Black "Mrha, Jan"]
[Result "1/2-1/2"]
[WhiteElo "1250"]
[BlackElo "1826"]
[PlyCount "105"]
[EventDate "2004.07.06"]
[EventType "swiss"]
[EventRounds "9"]
[EventCountry "CZE"]
[SourceTitle "EXT 2006"]
[Source "ChessBase"]
[SourceDate "2005.11.24"]
[SourceVersion "1"]
[SourceVersionDate "2005.11.24"]
[SourceQuality "1"]

1. e4 c5 2. Nf3 e6 3. d3 Nc6 4. Bf4 d6 5. Be2 Nge7 6. Nc3 Ng6 7. Qd2 Be7 8. 0-0-0 Nd4 9. h4 Nxf3 10. Bxf3 Nxh4 11. Ne2 Ng6 12. g3 e5 13. Be3 Be6 14. b3 b5 15. c4 b4 16. Bg2 Nf8 17. f4 f6 18. fxe5 dxe5 19. Bh3 a5 20. Kb2 a4 21. Bxe6 Nxe6 22. Ra1 Qd7 23. Nc1 Nd4 24. Qf2 a3+ 25. Kb1 Rd8 26. Bxd4 Qxd4 27. Qxd4 Rxd4 28. Kc2 0-0 29. Ne2 Rd7 30. g4 Rfd8 31. Rad1 g6 32. Ng3 Bf8 33. Rh2 Bg7 34. Rdd2 h5 35. gxh5 Bh6 36. Rd1 Bf4 37. Rg2 Bxg3 38. Rxg3 g5 39. Kd2 Kh7 40. Ke2 Kh6 41. Rh1 Rf7 42. Rf3 Rdf8 43. Rf5 Rg8 44. Kf3 Rd8 45. Ke2 Rd4 46. Rh3 Rd8 47. Rh1 Rg8 48. Kf3 Rgf8 49. Kg4 Kg7 50. Rh3 Rd7 51. Re3 Rh8 52. Ref3 Rd6 53. Re3 1/2-1/2

[Event "Chrudim op"]
[Site "Chrudim"]
[Date "2004.07.09"]
[Round "5"]
[White "Houska, Bronislav"]
[Black "Zak, Pavel"]
[Result "1-0"]
[WhiteElo "2087"]
[BlackElo "1250"]
[PlyCount "119"]
[EventDate "2004.07.06"]
[EventType "swiss"]
[EventRounds "9"]
[EventCountry "CZE"]
[SourceTitle "EXT 2006"]
[Source "ChessBase"]
[SourceDate "2005.11.24"]
[SourceVersion "1"]
[SourceVersionDate "2005.11.24"]
[SourceQuality "1"]

1. c4 e5 2. Nc3 Nf6 3. g3 Bb4 4. Bg2 0-0 5. e3 Nc6 6. Nge2 d6 7. 0-0 Bf5 8. d3 Qd7 9. a3 Bxc3 10. Nxc3 Bh3 11. b4 Bxg2 12. Kxg2 d5 13. b5 Ne7 14. Bb2 Ng6 15. Qf3 Rad8 16. Rfd1 c6 17. a4 Rfe8 18. Rac1 Re6 19. Ba3 Ne8 20. a5 Nc7 21. Bc5 a6 22. b6 Ne8 23. Ba3 Rf6 24. Qe2 Ne7 25. Na4 Rh6 26. h4 Rb8 27. Nc5 Qd8 28. Rh1 Nf6 29. Rcd1 Nd7 30. Qb2 Nxc5 31. Bxc5 Re6 32. Qb4 Qd7 33. Rd2 Rd8 34. Bxe7 Qxe7 35. Qxe7 Rxe7 36. c5 d4 37. e4 f6 38. Rf1 Rf7 39. Re2 Re8 40. f4 Ree7 41. f5 h6 42. g4 Re8 43. Kg3 Kh8 44. Rh2 Rff8 45. Rg1 Rg8 46. Rhg2 Rd8 47. Kf3 Rde8 48. g5 Kh7 49. Kg4 Ref8 50. gxf6 g6 51. fxg6+ Rxg6+ 52. Kf5 Rfxf6+ 53. Kxe5 Rxg2 54. Rxg2 Rf1 55. Kxd4 Ra1 56. e5 Ra4+ 57. Ke3 Rxh4 58. e6 Rh5 59. d4 Rh1 60. e7 1-0

[Event "Chrudim op"]
[Site "Chrudim"]
[Date "2004.07.07"]
[Round "2"]
[White "Zak, Pavel"]
[Black "Pokorny, Jan"]
[Result "1/2-1/2"]
[WhiteElo "1250"]
[BlackElo "1774"]
[PlyCount "39"]
[EventDate "2004.07.06"]
[EventType "swiss"]
[EventRounds "9"]
[EventCountry "CZE"]
[SourceTitle "EXT 2006"]
[Source "ChessBase"]
[SourceDate "2005.11.24"]
[SourceVersion "1"]
[SourceVersionDate "2005.11.24"]
[SourceQuality "1"]

1. e4 e5 2. Nf3 Nc6 3. Bc4 Bc5 4. Nc3 Nf6 5. d3 d6 6. Be3 Bb6 7. Qd2 Be6 8. Bb3 Bxb3 9. cxb3 0-0 10. Bg5 Ba5 11. 0-0-0 Nd4 12. Qe3 Bb6 13. Qd2 Ba5 14. Qe3 Ng4 15. Bxd8 Nxe3 16. fxe3 Nxf3 17. Bxc7 Bxc7 18. gxf3 f5 19. Rhf1 Rac8 20. Kb1 1/2-1/2